[Event "RUS-Cup3 email"]
[Site "RCCA email"]
[Date "2003.05.10"]
[Round "?"]
[White "Linnichenko, Mikhail Yurievich"]
[Black "Chernov, Igor Markovich"]
[Result "1/2-1/2"]
[WhiteElo "2148"]
[BlackElo "2172"]
[PlyCount "45"]
[EventDate "2003.??.??"]
[EventType "tourn (corr)"]
[EventRounds "14"]
[EventCountry "RUS"]
[SourceTitle "Corr 2008"]
[Source "ChessBase"]
[SourceDate "2008.06.24"]
[SourceVersion "1"]
[SourceVersionDate "2008.06.24"]
[SourceQuality "1"]

1. e4 c5 2. Nf3 d6 3. d4 cxd4 4. Nxd4 Nf6 5. Nc3 g6 6. Be3 Bg7 7. f3 Nc6 8. Qd2 Bd7 9. 0-0-0 Rc8 10. g4 Ne5 11. Kb1 0-0 12. h4 h5 13. gxh5 Nxh5 14. Rg1 Kh7 15. f4 Ng4 16. f5 Nxe3 17. Qxe3 e6 18. Bd3 Bh6 19. Qh3 Nf4 20. Qg3 Qf6 21. Nce2 Nxd3 22. fxg6+ fxg6 23. Rxd3 1/2-1/2